[Event "Paignton Ron Bruce Premier"]
[Site "Paignton"]
[Date "2010.09.08"]
[Round "4"]
[White "Mordue, A Tyson"]
[Black "Jordan, Dirk"]
[Result "1/2-1/2"]
[WhiteElo "2258"]
[BlackElo "2170"]
[PlyCount "185"]
[EventDate "2010.09.05"]
[EventType "swiss"]
[EventRounds "7"]
[EventCountry "ENG"]

1. e4 c6 2. d4 d5 3. Nc3 dxe4 4. Nxe4 Bf5 5. Ng3 Bg6 6. Nf3 Nd7 7. h4 h6 8. h5
Bh7 9. Bd3 Bxd3 10. Qxd3 e6 11. Bd2 Ngf6 12. O-O-O Be7 13. Kb1 O-O 14. Qe2 b5
15. Ne5 Nxe5 16. dxe5 Nd5 17. Ne4 b4 18. Rh3 Rb8 19. f4 c5 20. Bc1 Qc7 21. g4
Rfc8 22. Rg1 c4 23. g5 hxg5 24. Qg4 b3 25. Nxg5 c3 26. cxb3 Bc5 27. h6 g6 28.
Nxe6 fxe6 29. Qxe6+ Kh8 30. Rxg6 Rb6 31. Qg4 Rxg6 32. Qxg6 Bd4 33. Rh2 cxb2 34.
Bxb2 Bxb2 35. Qg7+ Qxg7 36. hxg7+ Kxg7 37. Kxb2 Nxf4 38. Rd2 Rc7 39. Rd6 Ng6
40. e6 Nf8 41. b4 Kf6 42. b5 Nxe6 43. Ra6 Rb7 44. a4 Ke5 45. Kc3 Nc5 46. Rh6
Nxa4+ 47. Kb4 Nb6 48. Ka5 Nc4+ 49. Ka4 Nd6 50. Rh5+ Ke6 51. Ka5 Nc4+ 52. Ka6
Rc7 53. Rh8 Nb6 54. Rh6+ Kd5 55. Rh5+ Kc4 56. Rh4+ Kc5 57. Rh5+ Nd5 58. Rg5 Rd7
59. Rg6 Nb6 60. Rc6+ Kd5 61. Rh6 Nc8 62. Rh8 Rc7 63. Rh5+ Kc4 64. Rh4+ Kc5 65.
Rh5+ Kb4 66. Rh4+ Rc4 67. Rh6 Kc5 68. Rh5+ Kd6 69. Kb7 Rc7+ 70. Ka6 Rc5 71. Rh7
Re5 72. Rg7 Rf5 73. Rb7 Rc5 74. Rg7 Rc7 75. Rg6+ Ke5 76. Rg5+ Kf6 77. Rh5 Rd7
78. Rh8 Nb6 79. Rh6+ Ke5 80. Rg6 Kd5 81. Rh6 Nc8 82. Rh8 Rd6+ 83. Kb7 Rb6+ 84.
Ka8 $3 Rxb5 85. Rd8+ Ke4 86. Rxc8 $1 ({Stalemate attempts don't work. e. g.} 
86. Rd4+ Ke5 87. Re4+ Kd6 88. Re6+ Kd7 {Taking on c8 is actually a simple draw
despite White's King being two tempi behind the Pawn.}) 86... a5 87. Ka7 Kd3
88. Ka6 Rd5 89. Rc1 a4 90. Ra1 Rd4 91. Kb5 Kc2 92. Rxa4 Rxa4 93. Kxa4 1/2-1/2

[Event "Paignton Ron Bruce Premier"]
[Site "Paignton"]
[Date "2010.09.08"]
[Round "4"]
[White "Spanton, Timothy R"]
[Black "Gill, Neville B K"]
[Result "0-1"]
[WhiteElo "2020"]
[BlackElo "2115"]
[PlyCount "98"]
[EventDate "2010.09.05"]
[EventType "swiss"]
[EventRounds "7"]
[EventCountry "ENG"]

1. Nf3 d5 2. d4 Nf6 3. e3 e6 4. Bd3 c5 5. b3 Nc6 6. Bb2 Bd6 7. O-O O-O 8. Nbd2
Qe7 9. Ne5 cxd4 10. exd4 Ba3 11. Bxa3 Qxa3 12. Nxc6 bxc6 13. Re1 Bd7 14. c4 c5
15. dxc5 Qxc5 16. Rc1 Qa5 17. cxd5 exd5 18. Bb1 Rac8 19. h3 Rxc1 20. Qxc1 Rc8
21. Qb2 Qc3 22. Qxc3 Rxc3 23. Nf3 Bxh3 24. gxh3 Rxf3 25. Kg2 Rc3 26. Re7 g6 27.
Rxa7 Nh5 28. Ra4 g5 29. f3 Nf4+ 30. Kg3 Kg7 31. Kg4 h6 32. h4 Rc1 33. hxg5 hxg5
34. Kxg5 Ne6+ 35. Kf5 Rxb1 36. Rg4+ Kf8 37. Kf6 Rf1 38. Rg3 d4 39. Rh3 Ke8 40.
Rh8+ Kd7 41. Kxf7 d3 42. Rh2 Rxf3+ 43. Kg6 Re3 44. Kf5 Re2 45. Rh1 d2 46. Rd1
Nd4+ 47. Kf4 Nb5 48. Kf3 Nc3 49. a4 Rh2 0-1

[Event "Paignton Ron Bruce Premier"]
[Site "Paignton"]
[Date "2010.09.08"]
[Round "4"]
[White "Taylor, Geoffrey P"]
[Black "French, Angus"]
[Result "0-1"]
[WhiteElo "1957"]
[BlackElo "2129"]
[PlyCount "107"]
[EventDate "2010.09.05"]
[EventType "swiss"]
[EventRounds "7"]
[EventCountry "ENG"]

1. e4 Nf6 2. e5 Nd5 3. d4 d6 4. Nf3 Bg4 5. Be2 c6 6. c4 Nb6 7. exd6 exd6 8. O-O
Be7 9. Re1 O-O 10. Qc2 N8d7 11. a4 a5 12. Bf4 Re8 13. Nbd2 Nf8 14. Rad1 Ne6 15.
Be3 d5 16. b3 Bb4 17. Rf1 Bxd2 18. Rxd2 f5 19. Rdd1 Qf6 20. Ne5 Bxe2 21. Qxe2
f4 22. c5 Nc8 23. Bc1 Ne7 24. Rfe1 Nf5 25. Bb2 Re7 26. Nd7 Qh6 27. Ne5 Rae8 28.
Qg4 Qf6 29. h3 g5 30. Nf3 h6 31. Re5 Nfxd4 32. Bxd4 Nxd4 33. Rxe7 Nxf3+ 34.
Qxf3 Qxe7 35. Qh5 Kg7 36. Rf1 Qe2 37. Qg4 Qxg4 38. hxg4 Re2 39. Rb1 Re4 40. f3
Rb4 41. Kf2 Kf6 42. Ke2 Ke5 43. Kd3 d4 44. Kc2 Kd5 45. Rh1 Kxc5 46. Rxh6 d3+
47. Kxd3 Rxb3+ 48. Kc2 Re3 49. Rg6 Re5 50. Rg7 b5 51. axb5 cxb5 52. Kc3 b4+ 53.
Kb2 Kc4 54. Rc7+ {and Black won.} 0-1

[Event "Paignton Ron Bruce Premier"]
[Site "Paignton"]
[Date "2010.09.08"]
[Round "4"]
[White "Thompson, Robert"]
[Black "Gregory, Keith"]
[Result "1/2-1/2"]
[WhiteElo "1895"]
[BlackElo "2063"]
[PlyCount "69"]
[EventDate "2010.09.05"]
[EventType "swiss"]
[EventRounds "7"]
[EventCountry "ENG"]

1. d4 d6 2. Nf3 Nf6 3. Nc3 Nbd7 4. e4 e5 5. Bc4 h6 6. h3 Be7 7. Be3 c6 8. Bb3
a6 9. a4 Qa5 10. O-O O-O 11. Qd2 Kh7 12. Nh2 exd4 13. Bxd4 Nc5 14. Rac1 Nxb3
15. cxb3 Nd7 16. f4 Qb4 17. Rf3 Nc5 18. Nb1 Qxd2 19. Nxd2 Nd7 20. Ng4 Bd8 21.
Nc4 Bc7 22. Nge3 b5 23. Na3 Bb7 24. axb5 axb5 25. Nf5 g6 26. Ng3 Rae8 27. Rcf1
b4 28. Nc4 c5 29. Be3 f5 30. exf5 gxf5 31. R3f2 d5 32. Ne5 Nxe5 33. fxe5 d4 34.
Rxf5 Rxf5 35. Rxf5 {The remainder of the score canot be deciphered.} 1/2-1/2

[Event "Paignton Ron Bruce Premier"]
[Site "Paignton"]
[Date "2010.09.09"]
[Round "5"]
[White "Bass, John"]
[Black "Collier, David"]
[Result "1/2-1/2"]
[WhiteElo "2041"]
[BlackElo "2115"]
[PlyCount "40"]
[EventDate "2010.09.05"]
[EventType "swiss"]
[EventRounds "7"]
[EventCountry "ENG"]

1. d4 Nf6 2. c4 e6 3. Nc3 Bb4 4. e3 c5 5. Bd3 O-O 6. Nge2 d5 7. a3 Bxc3+ 8.
bxc3 dxc4 9. Bxc4 Qc7 10. Bd3 Nc6 11. O-O e5 12. Qc2 Re8 13. e4 c4 14. Bxc4
exd4 15. cxd4 Na5 16. Bd3 Qxc2 17. Bxc2 Nxe4 18. Ng3 Nxg3 19. hxg3 Bd7 20. Bf4
Rac8 1/2-1/2

[Event "Paignton Ron Bruce Premier"]
[Site "Paignton"]
[Date "2010.09.09"]
[Round "5"]
[White "Brusey, Alan W"]
[Black "Thompson, Robert"]
[Result "1/2-1/2"]
[WhiteElo "2045"]
[BlackElo "1895"]
[PlyCount "82"]
[EventDate "2010.09.05"]
[EventType "swiss"]
[EventRounds "7"]
[EventCountry "ENG"]

1. e4 c5 2. c3 g6 3. d4 cxd4 4. cxd4 d5 5. exd5 Nf6 6. Bb5+ Nbd7 7. Nc3 Bg7 8.
Nf3 O-O 9. d6 exd6 10. O-O a6 11. Bd3 Re8 12. Re1 Rxe1+ 13. Qxe1 Nb6 14. Bg5 h6
15. Bh4 Bg4 16. Qd1 Qd7 17. h3 Bf5 18. Bxf5 Qxf5 19. Qb3 Qb5 20. Re1 g5 21. Bg3
Bf8 22. a3 Rd8 23. h4 g4 24. Nd2 Rd7 25. Nde4 Nbd5 26. Nxf6+ Nxf6 27. Bf4 Qf5
28. Bd2 g3 29. fxg3 Qd3 30. Qd1 Qxd4+ 31. Be3 Qxd1 32. Rxd1 b5 33. Nd5 Nxd5 34.
Rxd5 f6 35. Kf2 Kf7 36. g4 Ke6 37. Rh5 Rh7 38. g5 fxg5 39. hxg5 Rf7+ 40. Ke2
hxg5 41. Rxg5 Rg7 1/2-1/2

[Event "Paignton Ron Bruce Premier"]
[Site "Paignton"]
[Date "2010.09.09"]
[Round "5"]
[White "Feavyour, John A"]
[Black "Hodgson, John H"]
[Result "1/2-1/2"]
[WhiteElo "2064"]
[BlackElo "2179"]
[PlyCount "52"]
[EventDate "2010.09.05"]
[EventType "swiss"]
[EventRounds "7"]
[EventCountry "ENG"]

1. d4 Nf6 2. c4 g6 3. Nc3 d5 4. Bf4 Bg7 5. e3 c5 6. Nf3 O-O 7. Qb3 cxd4 8. exd4
dxc4 9. Bxc4 Nc6 10. O-O Na5 11. Qb4 Nxc4 12. Qxc4 Be6 13. Qb5 Nd5 14. Be5 Qb6
15. Qe2 Bxe5 16. Qxe5 Nxc3 17. bxc3 Qc6 18. Qe3 f6 19. Nd2 Bd5 20. f3 Rae8 21.
Qd3 b5 22. a4 bxa4 23. c4 Be6 24. Rf2 Bd7 25. Ne4 Rc8 26. Rc2 Rfd8 1/2-1/2

[Event "Paignton Ron Bruce Premier"]
[Site "Paignton"]
[Date "2010.09.09"]
[Round "5"]
[White "French, Angus"]
[Black "Milnes, Anthony CP"]
[Result "1/2-1/2"]
[WhiteElo "2129"]
[BlackElo "2075"]
[PlyCount "115"]
[EventDate "2010.09.05"]
[EventType "swiss"]
[EventRounds "7"]
[EventCountry "ENG"]

1. e4 e6 2. d4 d5 3. Nc3 Bb4 4. e5 c5 5. a3 Bxc3+ 6. bxc3 Qc7 7. Qg4 f5 8. Qh5+
g6 9. Qd1 b6 10. Nf3 Ba6 11. Bxa6 Nxa6 12. O-O h6 13. c4 Ne7 14. Qd3 Qb7 15.
cxd5 exd5 16. c4 Rd8 17. Be3 dxc4 18. Qxc4 Rd5 19. Rab1 Qc8 20. Rfd1 cxd4 21.
Rxd4 Rxd4 22. Qxd4 Qd7 23. Qc4 Nc7 24. Nd4 Ncd5 25. e6 Qb7 26. Nb5 Nxe3 27.
fxe3 O-O 28. Qb4 Kh7 29. Rc1 g5 30. Qd4 Qd5 31. Rc7 Qxe6 32. Nxa7 Rf7 33. Rb7
f4 34. a4 Ng6 35. Rxb6 Qd7 36. Nc6 Qxd4 37. Nxd4 Re7 38. Nf5 Ra7 39. Rb3 Ne5
40. Nd6 Rd7 41. Rb7 Kg8 42. Rxd7 Nxd7 43. e4 Kg7 44. a5 Nc5 45. Nc4 Kf6 46. Kf2
g4 47. Ke2 h5 48. h3 Nxe4 49. hxg4 hxg4 50. a6 Nc3+ 51. Kd3 Nb5 52. Ke4 f3 53.
g3 Nd6+ 54. Kd4 Nxc4 55. Kc5 f2 56. a7 f1=Q 57. a8=Q Ne3 58. Qd8+ 1/2-1/2

[Event "Paignton Ron Bruce Premier"]
[Site "Paignton"]
[Date "2010.09.09"]
[Round "5"]
[White "Gregory, Keith"]
[Black "Hickman, John E"]
[Result "1-0"]
[WhiteElo "2063"]
[BlackElo "2012"]
[PlyCount "64"]
[EventDate "2010.09.05"]
[EventType "swiss"]
[EventRounds "7"]
[EventCountry "ENG"]

1. Nf3 d6 2. g3 e5 3. d3 Nf6 4. Bg2 g6 5. O-O Bg7 6. c4 O-O 7. Nc3 Nbd7 8. Rb1
a5 9. a3 Re8 10. Ne1 Nf8 11. b4 axb4 12. axb4 Ne6 13. Nc2 Nh5 14. b5 f5 15. Bd2
Kh8 16. Nb4 Nc5 17. Nbd5 Ra3 18. Bc1 Ra5 19. Qc2 Bd7 20. Bd2 Ne6 21. e3 Rf8 22.
f4 Qa8 23. Rb2 Ra3 24. Rfb1 g5 25. Bf3 g4 26. Bg2 Nf6 27. Nxf6 Bxf6 28. Nd5 Bg7
29. Bb4 Ra1 30. Rxa1 Qxa1+ 31. Rb1 Qa8 32. Bc3 Qb8 {The remainder of the score
csannot be deciphered.} 1-0

[Event "Paignton Ron Bruce Premier"]
[Site "Paignton"]
[Date "2010.09.09"]
[Round "5"]
[White "Jordan, Dirk"]
[Black "Arkell, Keith C"]
[Result "0-1"]
[WhiteElo "2170"]
[BlackElo "2439"]
[PlyCount "98"]
[EventDate "2010.09.05"]
[EventType "swiss"]
[EventRounds "7"]
[EventCountry "ENG"]

1. d4 Nf6 2. Bg5 c5 3. Bxf6 gxf6 4. d5 d6 5. c4 f5 6. e3 Bg7 7. Nc3 Nd7 8. Qc2
Ne5 9. Be2 h5 10. h4 a6 11. Nh3 Ng4 12. Nf4 Bd7 13. g3 Qa5 14. a3 b5 15. O-O
bxc4 16. Bxc4 Qc7 17. Rab1 Rh6 18. Rfe1 Kf8 19. Qe2 Qb6 20. Rec1 e5 21. Ng2 a5
22. Bb5 Bxb5 23. Nxb5 a4 24. b4 axb3 25. Rxb3 Qd8 26. Rc4 e4 27. Rc2 Ne5 28.
Ra2 Nd3 29. Rb1 Qa5 30. Nf4 Nxf4 31. exf4 Qa4 32. Nc7 Rc8 33. Nb5 Ke7 34. Rc2
Qa8 35. Qc4 Rg6 36. Kh2 Kf8 37. a4 Kg8 38. Ra2 Qa5 39. Qe2 Rh6 40. Qc4 Kh7 41.
Na3 Bd4 42. Kg2 Rg6 43. Nc2 Bxf2 44. Kxf2 Rcg8 45. Qe2 Rxg3 46. Qxh5+ Kg7 47.
Ne1 Qc3 48. Re2 Kf6 49. Qh6+ R3g6 0-1

[Event "Paignton Ron Bruce Premier"]
[Site "Paignton"]
[Date "2010.09.09"]
[Round "5"]
[White "Kemp, Paul R"]
[Black "Hassall, Mark Ian"]
[Result "1-0"]
[WhiteElo "2106"]
[BlackElo "1942"]
[PlyCount "89"]
[EventDate "2010.09.05"]
[EventType "swiss"]
[EventRounds "7"]
[EventCountry "ENG"]

1. e4 c5 2. c3 Nf6 3. e5 Nd5 4. d4 e6 5. Nf3 cxd4 6. cxd4 Nc6 7. Bc4 d6 8. O-O
Be7 9. Qe2 Qc7 10. Re1 Nb6 11. Bb3 d5 12. Bd2 Bd7 13. a4 a5 14. Nc3 Nb4 15.
Rec1 Bc6 16. Ne1 Qd7 17. Nc2 Nxc2 18. Rxc2 O-O 19. Qg4 f5 20. exf6 Rxf6 21. Bf4
Raf8 22. Be5 Rg6 23. Qe2 Bd6 24. Bg3 Kh8 25. Nb5 Bxg3 26. hxg3 Rgf6 27. Rf1 Qf7
28. Rc3 h6 29. Bc2 g5 30. b3 Nd7 31. Re3 Bxb5 32. axb5 Rc8 33. Qd2 Nf8 34. Rc3
Rxc3 35. Qxc3 b6 36. Bd3 g4 37. Qc8 Qd7 38. Qb8 Qe7 39. Qe5 Nd7 40. Qh5 Qg7 41.
Rc1 Qf7 42. Rc8+ Nf8 43. Qe5 Kg8 44. Rc7 Nd7 45. Rxd7 1-0

[Event "Paignton Ron Bruce Premier"]
[Site "Paignton"]
[Date "2010.09.09"]
[Round "5"]
[White "Lewyk, Ihor"]
[Black "Spanton, Timothy R"]
[Result "1-0"]
[WhiteElo "2110"]
[BlackElo "2020"]
[PlyCount "143"]
[EventDate "2010.09.05"]
[EventType "swiss"]
[EventRounds "7"]
[EventCountry "ENG"]

1. d4 d5 2. Nf3 Nc6 3. a3 Bg4 4. e3 e5 5. dxe5 Nxe5 6. Be2 Bxf3 7. Bxf3 Nf6 8.
Nc3 c6 9. O-O Bd6 10. b3 O-O 11. Bb2 Qe7 12. Re1 Rfe8 13. Be2 Rad8 14. b4 a6
15. Nb1 Ne4 16. Nd2 Qh4 17. g3 Qf6 18. Nxe4 dxe4 19. Qc1 Qf5 20. Bxe5 Bxe5 21.
Rb1 Rd6 22. Rf1 Qh3 23. f4 Bc3 24. Rb3 Rd2 25. Rf2 Rxe2 26. Rxe2 Bf6 27. Rd2 h5
28. Qf1 Qg4 29. Qd1 Qh3 30. a4 g5 31. Qf1 Qf5 32. fxg5 Qxg5 33. Qf4 Qg7 34. h3
Bc3 35. Rg2 Bf6 36. g4 Be5 37. Qf5 h4 38. Rd2 Bg3 39. Rd1 Bc7 40. Kg2 Re7 41.
Rd4 Re5 42. Qc8+ Kh7 43. Rd2 Re7 44. Qf5+ Kg8 45. b5 cxb5 46. axb5 a5 47. b6
Qe5 48. Qxe5 Bxe5 49. Rd5 Bg3 50. c4 Re6 51. c5 Kg7 52. Ra3 Be1 53. Ra1 Bb4 54.
Rc1 Rc6 55. Rc4 Rc8 56. c6 bxc6 57. b7 Rb8 58. Rd7 c5 59. Rxe4 a4 60. Rf4 a3
61. Rfxf7+ Kg6 62. Rf2 Bc3 63. Rd6+ Kg7 64. Rb6 c4 65. Kf3 Be5 66. Ke4 Bb2 67.
Rfxb2 axb2 68. Rxb2 c3 69. Rc2 Rxb7 70. Rxc3 Rb2 71. Kf4 Rf2+ 72. Kg5 1-0

[Event "Paignton Ron Bruce Premier"]
[Site "Paignton"]
[Date "2010.09.09"]
[Round "5"]
[White "Littlejohns, David P"]
[Black "Almond, Richard"]
[Result "1/2-1/2"]
[WhiteElo "2064"]
[BlackElo "2130"]
[PlyCount "100"]
[EventDate "2010.09.05"]
[EventType "swiss"]
[EventRounds "7"]
[EventCountry "ENG"]

1. e4 d5 2. exd5 Qxd5 3. Nc3 Qa5 4. Bc4 c6 5. d3 Bf5 6. Bd2 e6 7. Nf3 Nf6 8.
Nd5 Qd8 9. Nxf6+ gxf6 10. Nh4 Bg6 11. Nxg6 hxg6 12. Qf3 Nd7 13. O-O-O Qc7 14.
h3 O-O-O 15. Bc3 Be7 16. Rde1 Rh7 17. Kb1 f5 18. a3 Bf6 19. Bxf6 Nxf6 20. Qe3
Kb8 21. Qe5 Qxe5 22. Rxe5 Kc7 23. Re2 b5 24. Bb3 a5 25. Kc1 Nd7 26. Rd1 Nc5 27.
Ba2 Rh4 28. Bb1 Rhd4 29. Rh1 b4 30. axb4 axb4 31. h4 b3 32. Re3 bxc2 33. Bxc2
Nxd3+ 34. Bxd3 Rxd3 35. Rxd3 Rxd3 36. h5 gxh5 37. Rxh5 Kd6 38. Rh8 Ke7 39. Rc8
Rd6 40. Kc2 Kf6 41. f4 e5 42. fxe5+ Kxe5 43. Rc7 f6 44. Kc3 f4 45. b4 Kd5 46.
Kd3 Rd8 47. Rg7 f5 48. Rg6 Ra8 49. Rf6 Ra3+ 50. Ke2 Re3+ 1/2-1/2

[Event "Paignton Ron Bruce Premier"]
[Site "Paignton"]
[Date "2010.09.09"]
[Round "5"]
[White "Marsh, Roger DW"]
[Black "Jenks, Chris Bruce"]
[Result "0-1"]
[WhiteElo "2030"]
[BlackElo "2124"]
[PlyCount "62"]
[EventDate "2010.09.05"]
[EventType "swiss"]
[EventRounds "7"]
[EventCountry "ENG"]

1. d4 Nf6 2. c4 c5 3. d5 b5 4. cxb5 a6 5. bxa6 Bxa6 6. Nc3 g6 7. Nf3 d6 8. g3
Bg7 9. Bg2 O-O 10. O-O Nbd7 11. Qc2 Qa5 12. Rd1 Rfb8 13. Rb1 Ng4 14. Bd2 Nge5
15. b3 c4 16. Na4 cxb3 17. axb3 Nxf3+ 18. Bxf3 Qb5 19. Bf4 Ne5 20. Bxe5 Bxe5
21. Rdc1 Qb4 22. e3 Bc8 23. Bg2 Bd7 24. Qd1 Qb7 25. g4 Bxg4 26. Qxg4 Qxd5 27.
Nc3 Qd2 28. Ne4 Qd3 29. Rd1 Qb5 30. Nd2 Ra2 31. Qc4 Rxd2 0-1

[Event "Paignton Ron Bruce Premier"]
[Site "Paignton"]
[Date "2010.09.09"]
[Round "5"]
[White "Pickersgill, Adrian O"]
[Black "Hempson, Peter W"]
[Result "1/2-1/2"]
[WhiteElo "2030"]
[BlackElo "2111"]
[PlyCount "66"]
[EventDate "2010.09.05"]
[EventType "swiss"]
[EventRounds "7"]
[EventCountry "ENG"]

1. e4 c6 2. d4 d5 3. f3 e6 4. Nc3 Bb4 5. Qd3 b6 6. Qe3 Nf6 7. a3 Bxc3+ 8. bxc3
Ba6 9. Bxa6 Nxa6 10. e5 Nd7 11. f4 f5 12. Nf3 Qe7 13. a4 Rc8 14. Ba3 c5 15. Qe2
Nab8 16. O-O Qf7 17. Rfb1 Nc6 18. c4 Nxd4 19. Nxd4 cxd4 20. cxd5 Nc5 21. a5 Qc7
22. axb6 axb6 23. Qb5+ Kf7 24. dxe6+ Nxe6 25. Bd6 Qc6 26. Qxb6 Nxf4 27. Ra7+
Kg6 28. Qxc6 Rxc6 29. Rbb7 Rg8 30. g3 Nh3+ 31. Kg2 Ng5 32. Rc7 Rxc7 33. Rxc7
Re8 1/2-1/2

[Event "Paignton Ron Bruce Premier"]
[Site "Paignton"]
[Date "2010.09.09"]
[Round "5"]
[White "Simons, Martin J"]
[Black "Gill, Neville B K"]
[Result "1/2-1/2"]
[WhiteElo "2178"]
[BlackElo "2115"]
[PlyCount "45"]
[EventDate "2010.09.05"]
[EventType "swiss"]
[EventRounds "7"]
[EventCountry "ENG"]

1. Nf3 d5 2. g3 Nf6 3. Bg2 c6 4. O-O Bf5 5. d3 Nbd7 6. Nbd2 e6 7. Qe1 Be7 8. e4
dxe4 9. dxe4 Bg6 10. Qe2 O-O 11. b3 Qc7 12. Bb2 Rfd8 13. Rad1 Ne8 14. Rfe1 e5
15. Nc4 f6 16. Nh4 Bf7 17. Nf5 Bf8 18. a4 Nc5 19. h4 Rxd1 20. Rxd1 Rd8 21. Nfe3
Nd6 22. Nxd6 Bxd6 23. Nf5 1/2-1/2

[Event "Paignton Ron Bruce Premier"]
[Site "Paignton"]
[Date "2010.09.09"]
[Round "5"]
[White "Webster, Richard J"]
[Black "Bolt, Graham"]
[Result "1-0"]
[WhiteElo "1956"]
[BlackElo "2062"]
[PlyCount "81"]
[EventDate "2010.09.05"]
[EventType "swiss"]
[EventRounds "7"]
[EventCountry "ENG"]

1. d4 g6 2. c4 Bg7 3. Nc3 d6 4. g3 Nc6 5. e3 e5 6. d5 Nce7 7. Bg2 f5 8. Nge2
Nf6 9. O-O O-O 10. Bd2 h6 11. Rc1 a6 12. b4 g5 13. Qb3 Kh8 14. Rfd1 Ng6 15. Qb1
Qe8 16. f4 exf4 17. exf4 gxf4 18. Nxf4 Ng4 19. Bf3 Bd4+ 20. Kg2 Ne3+ 21. Kh1
Nxf4 22. gxf4 Nxd1 23. Rxd1 Bd7 24. Ne2 Bg7 25. Ng3 Qf7 26. Qd3 Rg8 27. Nh5 Kh7
28. Be1 Bh8 29. Bf2 c6 30. Ng3 Rac8 31. Re1 Rgd8 32. Bg4 Rf8 33. Bf3 cxd5 34.
cxd5 Rc3 35. Qd1 Rfc8 36. Nh5 Bb5 37. Bh4 Re8 38. Rg1 Ree3 39. Qd2 Rxf3 40.
Nf6+ Qxf6 41. Bxf6 1-0

[Event "Paignton Ron Bruce Premier"]
[Site "Paignton"]
[Date "2010.09.09"]
[Round "5"]
[White "Wells, Jonathan C"]
[Black "Hurwitz, Ed"]
[Result "1/2-1/2"]
[WhiteElo "2072"]
[BlackElo "2011"]
[PlyCount "35"]
[EventDate "2010.09.05"]
[EventType "swiss"]
[EventRounds "7"]
[EventCountry "ENG"]

1. d4 d6 2. c4 e5 3. Nc3 c6 4. g3 Be7 5. Bg2 f5 6. e4 Nf6 7. Nge2 O-O 8. O-O
Na6 9. b3 fxe4 10. dxe5 dxe5 11. Qxd8 Rxd8 12. Nxe4 Nxe4 13. Bxe4 Nc5 14. Bg2
Bf6 15. Be3 Ne6 16. Rad1 Nd4 17. Nc3 Bf5 18. Kh1 1/2-1/2

[Event "Paignton Ron Bruce Premier"]
[Site "Paignton"]
[Date "2010.09.09"]
[Round "5"]
[White "Wheeler, John Francis"]
[Black "Dilleigh, Stephen P"]
[Result "1/2-1/2"]
[WhiteElo "2120"]
[BlackElo "2110"]
[PlyCount "106"]
[EventDate "2010.09.05"]
[EventType "swiss"]
[EventRounds "7"]
[EventCountry "ENG"]

1. d4 Nf6 2. c4 g6 3. Nc3 Bg7 4. e4 d6 5. Be2 O-O 6. Bg5 Na6 7. Qd2 e5 8. dxe5
dxe5 9. Qxd8 Rxd8 10. Nd5 Rd6 11. Bxf6 Bxf6 12. Nxf6+ Rxf6 13. Rd1 Rd6 14. Nf3
Rxd1+ 15. Bxd1 f6 16. O-O Be6 17. b3 Rd8 18. h3 Nb4 19. a3 Nc6 20. Re1 a5 21.
a4 Kf7 22. Kf1 Ke7 23. Bc2 Nd4 24. Nxd4 Rxd4 25. Ke2 Kd6 26. Rd1 Kc5 27. Ke3
Rxd1 28. Bxd1 Kb4 29. Kd3 f5 30. f3 f4 31. Kd2 g5 32. Kd3 c6 33. Kd2 Bd7 34.
Kc2 b5 35. axb5 cxb5 36. Be2 Kc5 37. cxb5 Bxb5 38. Bxb5 Kxb5 39. Kc3 Kc5 40.
Kd3 Kb4 41. Kc2 a4 42. bxa4 Kxa4 43. Kc3 Kb5 44. Kb3 Kc5 45. Kc3 h6 46. Kd3 Kb4
47. Kd2 Kc4 48. Kc2 Kd4 49. Kd2 h5 50. Ke2 Kc3 51. Ke1 Kd3 52. Kd1 Ke3 53. Ke1
Kd3 1/2-1/2

[Event "Paignton Ron Bruce Premier"]
[Site "Paignton"]
[Date "2010.09.09"]
[Round "5"]
[White "Wynarczyk, Raymond"]
[Black "Brown, Alan M"]
[Result "1-0"]
[WhiteElo "1947"]
[BlackElo "2106"]
[PlyCount "69"]
[EventDate "2010.09.05"]
[EventType "swiss"]
[EventRounds "7"]
[EventCountry "ENG"]

1. e4 e6 2. d4 d5 3. Nc3 Bb4 4. e5 b6 5. a3 Bf8 6. f4 Nh6 7. Bd3 Ba6 8. Nf3
Bxd3 9. Qxd3 c5 10. Be3 Nc6 11. O-O Nf5 12. Bf2 cxd4 13. Ne2 Be7 14. Nfxd4
Ncxd4 15. Nxd4 Nxd4 16. Bxd4 Rc8 17. c3 Bc5 18. f5 Bxd4+ 19. cxd4 exf5 20. Qxf5
O-O 21. Rfc1 Rxc1+ 22. Rxc1 Qh4 23. Qf2 Qe7 24. Qf5 g6 25. Qf6 Qd7 26. Qc6 Rd8
27. Qxd7 Rxd7 28. Rc6 Kf8 29. Kf2 Ke7 30. Kg3 Kd8 31. Kf4 h6 32. e6 fxe6 33.
Rxe6 Rg7 34. Ke5 Rd7 35. Rd6 1-0

[Event "Paignton Ron Bruce Premier"]
[Site "Paignton"]
[Date "2010.09.10"]
[Round "6"]
[White "Almond, Richard"]
[Black "Feavyour, John A"]
[Result "1-0"]
[WhiteElo "2130"]
[BlackElo "2064"]
[PlyCount "79"]
[EventDate "2010.09.05"]
[EventType "swiss"]
[EventRounds "7"]
[EventCountry "ENG"]

1. d4 d5 2. c4 c6 3. Nf3 Nf6 4. Nc3 dxc4 5. a4 Bf5 6. Ne5 Nbd7 7. Nxc4 Qc7 8.
g3 e5 9. dxe5 Nxe5 10. Bf4 Nfd7 11. Bg2 f6 12. O-O Rd8 13. Qc1 Be6 14. Ne4 Be7
15. Nxe5 Nxe5 16. Nc5 Bc8 17. a5 O-O 18. Qc3 g5 19. Be3 b6 20. axb6 axb6 21.
Na4 c5 22. Qb3+ Kg7 23. Qxb6 Qxb6 24. Nxb6 Be6 25. Ra7 Rf7 26. Na4 c4 27. h3
Rb8 28. f4 Rb3 29. fxe5 Rxe3 30. Rxe7 Rxe5 31. Rxf7+ Kxf7 32. Nc3 Ke7 33. e4
Rc5 34. Nd5+ Bxd5 35. exd5 Rb5 36. Rf2 Rb3 37. Kh2 Rb6 38. Rc2 Rb4 39. Bf1 Kd6
40. Bxc4 1-0

[Event "Paignton Ron Bruce Premier"]
[Site "Paignton"]
[Date "2010.09.10"]
[Round "6"]
[White "Brown, Alan M"]
[Black "Marsh, Roger DW"]
[Result "1-0"]
[WhiteElo "2106"]
[BlackElo "2030"]
[PlyCount "77"]
[EventDate "2010.09.05"]
[EventType "swiss"]
[EventRounds "7"]
[EventCountry "ENG"]

1. d4 g6 2. c4 Bg7 3. Nc3 d6 4. e4 Nc6 5. Be3 e5 6. d5 Nce7 7. Nf3 f5 8. h3 Nf6
9. Bd3 h6 10. Qc2 c5 11. Nh4 f4 12. Bd2 O-O 13. Nf3 Ne8 14. Be2 Nc7 15. Nh2 a6
16. Bg4 b5 17. Bxc8 Qxc8 18. Ne2 bxc4 19. Qxc4 Nb5 20. Rc1 Ra7 21. Nf3 Qd7 22.
Ba5 Nd4 23. Nexd4 cxd4 24. O-O Rb8 25. Bb4 Bf6 26. Ba3 g5 27. Qe2 Kg7 28. Nh2
Kg6 29. Rc4 h5 30. Rfc1 Rb6 31. f3 Rab7 32. Qc2 Ng8 33. Rc7 Qb5 34. Rxb7 Rxb7
35. Qc4 Bd8 36. Qxb5 axb5 37. Bxd6 Kf6 38. Kf1 Nh6 39. Rc6 1-0

[Event "Paignton Ron Bruce Premier"]
[Site "Paignton"]
[Date "2010.09.10"]
[Round "6"]
[White "Collier, David"]
[Black "Wynarczyk, Raymond"]
[Result "1-0"]
[WhiteElo "2115"]
[BlackElo "1947"]
[PlyCount "41"]
[EventDate "2010.09.05"]
[EventType "swiss"]
[EventRounds "7"]
[EventCountry "ENG"]

1. d4 d5 2. c4 e6 3. Nc3 Nf6 4. Bg5 c5 5. e3 dxc4 6. Bxc4 cxd4 7. exd4 Be7 8.
Nf3 O-O 9. O-O Nbd7 10. Re1 Nb6 11. Bb3 Re8 12. Qd3 Nbd7 13. Rad1 b6 14. Bc2
Bb7 15. Ne5 g6 16. Qh3 Bd5 17. Nxd5 Nxd5 18. Nxf7 Qc7 19. Bxg6 Bxg5 20. Qxh7+
Kf8 21. Nxg5 1-0

[Event "Paignton Ron Bruce Premier"]
[Site "Paignton"]
[Date "2010.09.10"]
[Round "6"]
[White "Crombleholme, Alan K"]
[Black "Wheeler, John Francis"]
[Result "1/2-1/2"]
[WhiteElo "2105"]
[BlackElo "2120"]
[PlyCount "63"]
[EventDate "2010.09.05"]
[EventType "swiss"]
[EventRounds "7"]
[EventCountry "ENG"]

1. Nf3 Nf6 2. c4 g6 3. Nc3 Bg7 4. e4 d6 5. d4 O-O 6. Be2 e5 7. O-O Nc6 8. d5
Ne7 9. a4 Ne8 10. Ne1 f5 11. Nd3 Nf6 12. f3 f4 13. Bd2 g5 14. c5 Kh8 15. cxd6
cxd6 16. g4 fxg3 17. hxg3 h6 18. Kg2 a6 19. Rh1 Kg8 20. Be3 Qe8 21. Qg1 Qg6 22.
Qh2 g4 23. Nf2 gxf3+ 24. Bxf3 Ng4 25. Bxg4 Bxg4 26. Nxg4 Qxg4 27. Qh5 Qxh5 28.
Rxh5 Rf6 29. Rah1 Raf8 30. Nd1 Rc8 31. Nc3 Rcf8 32. Nd1 1/2-1/2